Hanoï - Choix Multiples - Statistiques

Statistiques générales
  • Ce quiz a été pris 1 421 fois
    1 376 depuis la dernière actualisation
  • Le résultat moyen est 6 sur 10
Statistiques - réponses
Question Réponse % Correct
Étymologiquement, que signifie le nom très géographique de "Hanoï" ? Entre les fleuves
74%
À quelles catastrophes naturelles la ville de Hanoï est-elle particulièrement sensible ? Inondations
70%
De qui peut-on visiter le mausolée à Hanoï ? Hô Chi Minh
69%
Quelle est la particularité de la rue Lê Duẩn ? Elle est régulièrement traversée par des trains qui frôlent les bâtiments.
62%
Quelle affirmation est vraie à propos d'Hanoï ? Elle est la capitale d'Indochine située le plus au Nord
60%
Quel cours d'eau traverse la ville ? Fleuve Rouge
60%
Laquelle de ces activités pouvez vous retrouver tous les soirs dans le centre de Hanoï ? Un spectacle de marionnettes sur l'eau
60%
Lequel de ces édifices, inscrit au patrimoine mondial de l'UNESCO, peut-on trouver dans la ville ?
59%
De quelle entité Hanoï n'a-t-elle jamais été la capitale ? Capitale de la république du Vietnam (= "Sud-Vietnam")
57%
Laquelle de ces boissons est typique de Hanoï ? Le café à l'oeuf
50%
Aucun quiz correspondant
Distribution des résultats
% des personnes avec chaque résultat
Percentile par nombre de réponses
Votre historique - résultats
Vous n’avez pas pris ce quiz depuis la dernière actualisation